Statistics for Guess the fashion style quizz!

Click here to take the quiz!

General Stats

  • This quiz has been taken 26 times
  • The average score is 14 of 28

Answer Stats

QuestionAnswer% Correct
Metalhead
75%
Cybergoth
71%
Emo
71%
Kodona
67%
Hijabi lolita
67%
Hipster
67%
Qi lolita
63%
Gothic lolita
63%
Steam lolita
63%
Pastel goth
58%
Punk
58%
Wa lolita
54%
Robe Kabyle
54%
Cottagecore
54%
Steampunk
54%
Scene
50%
E girl
50%
Ero lolita
46%
Shiro lolita
46%
Guro lolita
46%
Sweet lolita
42%
Country lolita
42%
Goth
42%
Otome kei
33%
Ouji
33%
Classic lolita
29%
Kuro lolita
29%
Sailor lolita
0%

Score Distribution

Percentile by Number Answered

Percent of People with Each Score

Your Score History

You have not taken this quiz